000 00325 a2200121 4500
001 ART_50049
005 20260410161631.0
008 260409a
245 1 0 _aEl ajuste por inflación en 2019
100 1 _aDíaz, Teresa
700 1 _aPozzi, Nélida B.
773 0 _tEnfoques
_g- N°9 (sep. 2019)
_wREV416
999 _c12495
_d12495